Англо-русский толковый научно-технический словарь по системному анализу, программированию и цифровой электронике

التفاصيل البيبلوغرافية
المؤلف الرئيسي: Кочергин В. И.
مؤلف مشترك: Полюс
الملخص:Содержит 15 тыс. наиболее употребительных терминов по системному анализу, программированию и цифровой электронике. В словарь также включены общенаучные термины. В конце словаря представлен список русских терминов этого словаря. Словарь предназначен для специалистов, занимающихся вопросами перевода текстов по представленной тематике.
اللغة:الروسية
الإنجليزية
منشور في: Томск, Иван Федоров, 2007
الموضوعات:
التنسيق: كتاب
KOHA link:https://koha.lib.tpu.ru/cgi-bin/koha/opac-detail.pl?biblionumber=129775

MARC

LEADER 00000nam0a2200000 4500
001 129775
005 20231101220210.0
010 |a 5751119371 
035 |a (RuTPU)RU\TPU\book\140484 
090 |a 129775 
100 |a 20080128d2007 km y0rusy50 ca 
101 0 |a rus  |a eng 
102 |a RU 
105 |a y e 001zy 
200 1 |a Англо-русский толковый научно-технический словарь по системному анализу, программированию и цифровой электронике  |f В. И. Кочергин  |g Научно-производственный центр "Полюс" 
210 |a Томск  |c Иван Федоров  |d 2007 
215 |a 824 с. 
320 |a Библиогр.: с. 5. 
320 |a Указатель терминов: с. 621-824. 
330 |a Содержит 15 тыс. наиболее употребительных терминов по системному анализу, программированию и цифровой электронике. В словарь также включены общенаучные термины. В конце словаря представлен список русских терминов этого словаря. Словарь предназначен для специалистов, занимающихся вопросами перевода текстов по представленной тематике. 
606 1 |a Английский язык  |x Терминологические словари  |2 stltpush  |3 (RuTPU)RU\TPU\subj\29063  |9 52475 
606 1 |a Программирование  |2 stltpush  |3 (RuTPU)RU\TPU\subj\51780  |9 70345 
606 1 |a Промышленная электроника  |2 stltpush  |3 (RuTPU)RU\TPU\subj\52250  |9 70736 
606 1 |a Кибернетика промышленная  |2 stltpush  |3 (RuTPU)RU\TPU\subj\39477  |9 59556 
610 1 |a лексика 
610 1 |a научно-техническая лексика 
610 1 |a системный анализ 
610 1 |a цифровая электроника 
610 1 |a словари 
610 1 |a толковые словари 
610 1 |a терминологические словари 
675 |a 681.3.06(038)  |v 3 
675 |a 621.38(038)  |v 3 
675 |a 681.51(038)  |v 3 
686 |a Ш143.21-43  |v LBC/SL-A  |2 rubbk 
700 1 |a Кочергин  |b В. И. 
712 0 2 |a Полюс  |c Научно-производственный центр  |c (Томск)  |2 stltpush  |3 (RuTPU)RU\TPU\col\4024 
801 1 |a RU  |b 63413507  |c 20080128  |g PSBO 
801 2 |a RU  |b 63413507  |c 20161108  |g PSBO 
942 |c BK